| 000 | 00356 a2200145 4500 | ||
|---|---|---|---|
| 020 | _a969519107X | ||
| 082 | _a181.5 | ||
| 090 |
_c6010 _d6010 |
||
| 100 | _aNasr,S.H. | ||
| 245 |
_aAn Anthology of Philosophy in Persia. _cS.H.Nasr. |
||
| 260 |
_aLahore. _bSuhail academy. _c2005. |
||
| 300 | _a434p. | ||
| 500 | _aHardcover. | ||
| 942 |
_aNBS _cBK _k181.5 NAS |
||
| 999 |
_c348399 _d348399 |
||